00978nmc a2200313 a 4500003000900000005001700009008004100026020001800067040001300085110001400098240002200112245024000134260003600374300001100410490001700421500003500438650002100473650001500494650001100509650001400520650001200534650001300546650002700559650001800586650001800604650001400622650001600636650001200652AR-BaBNM20251128211219.0133020s1990 ||||||||||||||000 | spa|| a950-534-138-5 cAR-BaBNM1 aArgentina10aCódigo aduanero10aCódigo aduanero de la República ArgentinabLey 22.415 (Modificada por las leyes 23.353 y 23. 664 ) y decreto reglamentario 1001/82 (Modificado por los decretos 338/84, 3147/84, 3908/84, 1498/85, 405/87, 1240/88, 1369/88 y 1027/90) aBuenos AiresbA-Z editorac1990 a461 p. 0aCódigos AZ aIndice alfabético p. 436-461 4aDERECHO MARITIMO 4aTRANSPORTE 4aADUANA 4aARANCELES 4aCODIGOS 4aCOMERCIO 4aCOMERCIO INTERNACIONAL 4aEXPORTACIONES 4aIMPORTACIONES 4aFRONTERAS 4aLEGISLACION 4aDERECHO